Bronchodilator therapy : (Record no. 3879)

000 -LEADER
fixed length control field 01195cam a2200325 a 4500
001 - CONTROL NUMBER
control field 2637349
003 - CONTROL NUMBER IDENTIFIER
control field ALUPE UNIVERSITY
005 - DATE AND TIME OF LATEST TRANSACTION
control field 20220218101413.0
008 - FIXED-LENGTH DATA ELEMENTS--GENERAL INFORMATION
fixed length control field 850122s1984 nz a b 001 0 eng d
020 ## - INTERNATIONAL STANDARD BOOK NUMBER
International Standard Book Number 0864710054
035 ## - SYSTEM CONTROL NUMBER
System control number ocm11603608
040 ## - CATALOGING SOURCE
Original cataloging agency EQG
Language of cataloging eng
Transcribing agency ALUPE UNIVERSITY
Modifying agency OCL
-- AEU
050 #4 - LIBRARY OF CONGRESS CALL NUMBER
Classification number RM388
Item number .B76 1984
090 ## - LOCALLY ASSIGNED LC-TYPE CALL NUMBER (OCLC); LOCAL CALL NUMBER (RLIN)
Classification number (OCLC) (R) ; Classification number, CALL (RLIN) (NR) RM 388.5 B76 1984
Local cutter number (OCLC) ; Book number/undivided call number, CALL (RLIN) AEU
245 00 - TITLE STATEMENT
Title Bronchodilator therapy :
Remainder of title the basis of asthma and chronic obstructive airways disease management /
Statement of responsibility, etc. guest editor T.J.H. Clark ; coordinating editor G.M. Cochrane ; editorial advisory group G.K. Crompton ... [et al.].
260 ## - PUBLICATION, DISTRIBUTION, ETC.
Place of publication, distribution, etc. Birkenhead, New Zealand :
Name of publisher, distributor, etc. ADIS Press,
Date of publication, distribution, etc. c1984.
300 ## - PHYSICAL DESCRIPTION
Extent 230 p. :
Other physical details ill (some col.) ;
Dimensions 29 cm.
336 ## - CONTENT TYPE
Content type term text
Content type code txt
Source rdacontent
337 ## - MEDIA TYPE
Media type term unmediated
Media type code n
Source rdamedia
338 ## - CARRIER TYPE
Carrier type term volume
Carrier type code nc
Source rdacarrier
504 ## - BIBLIOGRAPHY, ETC. NOTE
Bibliography, etc. note Includes bibliographies and index.
650 #0 - SUBJECT ADDED ENTRY--TOPICAL TERM
Topical term or geographic name entry element Bronchodilator agents
General subdivision Therapeutic use.
650 #0 - SUBJECT ADDED ENTRY--TOPICAL TERM
Topical term or geographic name entry element Asthma
General subdivision Chemotherapy.
650 #2 - SUBJECT ADDED ENTRY--TOPICAL TERM
Topical term or geographic name entry element Asthma.
650 #2 - SUBJECT ADDED ENTRY--TOPICAL TERM
Topical term or geographic name entry element Bronchodilator Agents.
650 #2 - SUBJECT ADDED ENTRY--TOPICAL TERM
Topical term or geographic name entry element Lung Diseases, Obstructive.
700 1# - ADDED ENTRY--PERSONAL NAME
Personal name Clark, T. J. H.
Fuller form of name (Timothy John Hayes)
700 1# - ADDED ENTRY--PERSONAL NAME
Personal name Cochrane, G. M.
942 ## - ADDED ENTRY ELEMENTS (KOHA)
Source of classification or shelving scheme
Koha item type Book
Suppress in OPAC BA
Holdings
Withdrawn status Lost status Source of classification or shelving scheme Damaged status Not for loan Permanent Location Current Location Shelving location Date acquired Source of acquisition Total Checkouts Full call number Barcode Date last seen Price effective from Koha item type Public note
          AU LIBRARY AU LIBRARY Open Shelf 18.02.2022 DONATION FROM MOI UNIVERSITY   RM388 .B76 1984 28005526 18.02.2022 18.02.2022 Book BA

Powered by Koha